000 01124pam a2200325 a 4500
001 2960
003 BD-DhEWU
005 20140812163515.0
008 840329s1985 cau g s001 0 eng d
010 _a 84002546
020 _a0520053354
035 _a(OCoLC)10696150
040 _aDLC
_cDLC
_dDLC
_dBD-DhEWU
_beng
041 _aeng
050 0 0 _aZ7164.C81
_bD16 1985
_aHF5351
082 0 0 _a016.33
_bDAB 1985
100 1 _aDaniells, Lorna M.
_917286
245 1 0 _aBusiness information sources /
_cLorna M. Daniells.
250 _aRev. ed.
260 _aBerkeley :
_bUniversity of California Press,
_cc1985.
300 _axvi, 673 p. ;
_c24 cm.
500 _aOnline version: Daniells, Lorna M. Business information sources. Berkeley : University of California Press, c1985 (OCoLC)832916417
504 _aIncludes index.
526 _aBA
590 _aTahur Ahmed
650 0 _aBusiness
_xBibliography.
_917287
650 0 _aManagement
_xBibliography.
_917288
856 4 2 _3WorldCat details
_uhttp://www.worldcat.org/title/business-information-sources/oclc/10696150&referer=brief_results
942 _2ddc
_cTEXT
999 _c2960
_d2960